TOTS FIFA 22 - Liga - Statistiques

Statistiques générales
  • Ce quiz a été pris 1 629 fois
  • Le résultat moyen est 11 sur 15
Statistiques - réponses
Hint Réponse % Correct
Gardien - Real Madrid Thibault Courtois
100%
Avant Centre - Réal Madrid Karim Benzema
91%
Milieu Central - Real Madrid Luka Modric
90%
Milieu Central - FC Barcelone Pédri
87%
Ailier Gauche - Real Madrid Vinicius Jr
86%
Défenseur Central - Real Madrid Eder Militao
85%
Défenseur Central - FC Barcelone Ronald Araujo
81%
Défenseur Central - Real Madrid David Alaba
80%
Milieu Offensif Central - Betis Séville Nabil Fékir
78%
Défenseur Central - FC Séville Jules Koundé
77%
Défenseur Gauche - FC Séville Marcos Acuna
53%
Avant Centre - Atlético Madrid Joao Felix
51%
Milieu Droit - Betis Séville Sergio Canales
37%
Buteur - RCD Espanyol Raul De Tomas
36%
Milieu Gauche - Atlétic Bilbao Iker Muniain
30%
Aucun quiz correspondant
Distribution des résultats
% des personnes avec chaque résultat
Percentile par nombre de réponses
Votre historique - résultats
Vous n’avez pas pris ce quiz